Mandie and the Secret Tunnel / (Record no. 4819)

MARC details
000 -LEADER
fixed length control field 01600nam a22002777a 4500
001 - CONTROL NUMBER
control field 4819
003 - CONTROL NUMBER IDENTIFIER
control field FISKH
005 - DATE AND TIME OF LATEST TRANSACTION
control field 20241016141122.0
008 - FIXED-LENGTH DATA ELEMENTS--GENERAL INFORMATION
fixed length control field 241016b cb ||||| |||| 00| 0 eng d
020 ## - INTERNATIONAL STANDARD BOOK NUMBER
International Standard Book Number 9780871233202
040 ## - CATALOGING SOURCE
Original cataloging agency FISKH
Language of cataloging eng
Transcribing agency FISKH
Modifying agency FISKH
050 ## - LIBRARY OF CONGRESS CALL NUMBER
Classification number PZ7.L556
082 ## - DEWEY DECIMAL CLASSIFICATION NUMBER
Classification number 813
100 ## - MAIN ENTRY--PERSONAL NAME
Personal name Leppard, Lois Gladys
245 ## - TITLE STATEMENT
Title Mandie and the Secret Tunnel /
Statement of responsibility, etc. by Lois Gladys Leppard
260 ## - PUBLICATION, DISTRIBUTION, ETC.
Place of publication, distribution, etc. Boston :
Name of publisher, distributor, etc. Bethany House Publishers ;
Date of publication, distribution, etc. 1983 .
300 ## - PHYSICAL DESCRIPTION
Extent 141 pages :
Other physical details illustrations ;
Dimensions 19 cm .
490 ## - SERIES STATEMENT
Series statement Mandie Mysteries
Volume/sequential designation Book 1
505 ## - FORMATTED CONTENTS NOTE
Formatted contents note R <br/>
520 ## - SUMMARY, ETC.
Summary, etc. When 11-year-old Mandie Shaw's father dies, her life reaches a low point. Unwanted by a mother who has never loved her, the only things she looks forward to are visits from the man she calls "Uncle Ned"-a full-blooded Cherokee Indian. Longing for a home where she will be truly loved, Mandie seeks out family she has never met. After a perilous journey, she finds herself in the middle of luxury she can scarcely believe-and a mystery that will take all her brains and courage to solve. With turn-of-the-century North Carolina as her backdrop, Lois Leppard explores issues of race, religion, and family in this novel of a young girl's search to unravel the mystery of her identity. Kate Forbes' narration brilliantly brings life to the colorful characters and many twists Mandie encounters in this first book of a best-selling inspirational series.
521 8# - TARGET AUDIENCE NOTE
Target audience note 760 <br/>
Source Lexile <br/>
521 8# - TARGET AUDIENCE NOTE
Target audience note R <br/>
Source Raz-Plus <br/>
650 ## - SUBJECT ADDED ENTRY--TOPICAL TERM
Topical term or geographic name entry element North Carolina
Form subdivision fiction
942 ## - ADDED ENTRY ELEMENTS (KOHA)
Source of classification or shelving scheme Dewey Decimal Classification
Koha item type Books
Suppress in OPAC No
Holdings
Withdrawn status Lost status Source of classification or shelving scheme Damaged status Not for loan Collection Home library Current library Shelving location Date acquired Total Checkouts Full call number Barcode Date last seen Price effective from Koha item type
    Dewey Decimal Classification     Fiction Footprints International School Library Network Toul Kork Campus Footprints International School Library Network Toul Kork Campus TTP Primary Orange Bookshelves 10/16/2024   LEP 813 PZ7.L556 FISBK00691 10/16/2024 10/16/2024 Books